El abandono del procedimiento doctrina-jurisprudencia.

Guardat en:
Dades bibliogràfiques
Autor principal: Correa Selamé, Jorge Danilo
Format: Llibre
Idioma:espanyol
Publicat: Santiago, Chile Puntolex 2010
Matèries:
Etiquetes: Afegir etiqueta
Sense etiquetes, Sigues el primer a etiquetar aquest registre!

MARC

LEADER 00000nam a2200000 a 4500
001 UCG6406
003 CL-VaPUC
005 20250416110211.0
008 110421e20100329CL |||||||||||||||||spa|d
999 |c 344657  |d 344655 
020 |a 9789568541941 
040 |c Pontificia Universidad Católica de Valparaíso 
082 0 4 |a 347.8305 COR 2010  |2 21 
100 0 |a Correa Selamé, Jorge Danilo  |9 556602 
245 1 3 |a El abandono del procedimiento doctrina-jurisprudencia. 
260 0 3 |a Santiago, Chile  |b Puntolex  |c 2010 
300 |a 300 páginas 
583 |a last modification  |c 20110421 00:00:00  |k Rodrigo Vera 
650 0 |a Derecho procesal  |z Chile  |9 454338 
650 0 |a Abandono del procedimiento  |9 384617 
650 0 |a Código civil chileno  |9 255931 
650 0 |a Procedimiento civil  |9 254870 
650 0 |a Jurisprudencia  |9 255952 
651 7 |a CHILE  |2 CL-VaPUC  |9 556603 
942 |c BK  |2 ddc 
945 |d 20110421 00:00:00  |a jcampos 
952 |0 0  |1 0  |2 ddc  |4 0  |6 347_830500000000000_COR_2010  |7 0  |8 A  |9 442731  |a BIBDER  |b BIBDER  |d 2019-11-22  |i 4768310  |l 7  |o 347.8305 COR 2010  |p 4768310  |r 2025-04-30  |s 2025-04-28  |t 1  |w 2019-11-22  |y BK  |k DER